000 00239nam a2200097Ia 4500
008 190216s9999||||xx |||||||||||||| ||und||
100 _aNair V K
245 0 _aNamukku Kelkan Kazhiyatha Shabdangal
260 _bKerala Basha Inst
942 _cBK
999 _c37783
_d37783